000 01937nam a22001577a 4500
041 _aukr
080 _a09
090 _bХОМ
100 _aХоменко О. А.
245 _aЗастосування автентичних відеоматеріалів для формування комунікативної компетенції на старшому етапі вивчення англійської мови
260 _aОстрог
_bКАФ
_c2004
300 _a74
520 _aРозділ 1. Комунікативний підхід у вивченні іноземних мов. 1.1. Поняття комунікативної компетенції та її компонентів. 1.2. Основні принципи комунікативно орієнтованого викладання іноземних мов. 1.3. Застосування автентичних матеріалів для розвитку комунікативної компетенції у вивченні англійської мови. Розділ 2. Методика використання автентичних відеоматеріалів для розвитку комунікативної компетенції на старшому етапі вивчення англійської мови. 2.1. Психологічні особливості сприйняття автентичних відеоматеріалів учнями старщого шкільного віку. 2.2. Основні принципи використання відеофонограми. 2.3. Використання автентичних відеоматеріалів для розвитку комунікативної компетенції старшокласників. Комплекси вправ.
_0Комунікація, компетенція, методика.
650 _aResearch Papers
999 _c282565
_d282565
942 _cBK